Detalles MARC
| 000 -LEADER |
| campo de control de longitud fija |
02093cam a22003254i 4500 |
| 003 - IDENTIFICADOR DE NÚMERO DE CONTROL |
| campo de control |
PE-LiUPU |
| 005 - FECHA Y HORA DE LA ÚLTIMA TRANSACCIÓN |
| campo de control |
20250923155111.0 |
| 008 - DATOS DE LONGITUD FIJA--INFORMACIÓN GENERAL |
| campo de control de longitud fija |
2016xxxxes pe a rb 000 0 spa d |
| 020 ## - NÚMERO INTERNACIONAL ESTÁNDAR DEL LIBRO |
| Número Internacional Estándar del Libro |
9788494555831 |
| 035 ## - NÚMERO DE CONTROL DEL SISTEMA |
| Número de control de sistema |
PE-LiUPU000016 |
| 040 ## - FUENTE DE CATALOGACIÓN |
| Centro catalogador/agencia de origen |
PE-LiUPU |
| Lengua de catalogación |
spa |
| Centro/agencia transcriptor |
PE-LiUPU |
| Normas de descripción |
rda |
| 082 04 - NÚMERO DE LA CLASIFICACIÓN DECIMAL DEWEY |
| Número de clasificación |
668.5 |
| Cutter |
B352c |
| Número de edición |
23 |
| 100 ## - ENTRADA PRINCIPAL--NOMBRE DE PERSONA |
| Nombre de persona |
Bautista Díaz, Víctor, |
| Término indicativo de función/relación |
autor. |
| 9 (RLIN) |
6906 |
| 245 10 - MENCIÓN DEL TÍTULO |
| Título |
Conversión técnica de proteínas : |
| Resto del título |
valorización de desechos proteicos / |
| Mención de responsabilidad, etc. |
por Víctor Bautista Díaz. |
| 264 #1 - PRODUCCIÓN, PUBLICACIÓN, DISTRIBUCIÓN, FABRICACIÓN Y COPYRIGHT |
| Producción, publicación, distribución, fabricación y copyright |
Madrid : |
| Nombre del de productor, editor, distribuidor, fabricante |
AMV Ediciones, |
| Fecha de producción, publicación, distribución, fabricación o copyright |
2016. |
| 300 ## - DESCRIPCIÓN FÍSICA |
| Extensión |
208 páginas : |
| Otras características físicas |
ilustraciones ; |
| Dimensiones |
24 cm |
| 336 ## - TIPO DE CONTENIDO |
| Término de tipo de contenido |
text |
| Fuente |
rdacontent |
| 337 ## - TIPO DE MEDIO |
| Nombre/término del tipo de medio |
unmediated |
| Fuente |
rdamedia |
| 338 ## - TIPO DE SOPORTE |
| Nombre/término del tipo de soporte |
volumen |
| Fuente |
rdacarrier |
| 504 ## - NOTA DE BIBLIOGRAFÍA, ETC. |
| Nota de bibliografía, etc. |
Incluye referencias bibliográficas al final de cada capítulo. |
| 505 0# - NOTA DE CONTENIDO CON FORMATO |
| Nota de contenido con formato |
Las proteínas como materia prima química -- Decoloración de hidrolizados proteicos refractarios -- Sangre y masa visceral procedente de descarte de la industria cárnica -- Lana, materiales córneos y plumas -- Conversión técnica de desechos de la industria pesquera -- Hidrolizados proteicos como materia prima base para fertilizantes orgánicos -- Proteínas industriales como materia prima de síntesis farmacéutica -- Conversión de proteínas en productos técnicos varios -- Apéndice – Ultrafiltración y nanofiltración.<br/> |
| 520 ## - RESUMEN, ETC. |
| Sumario, etc. |
Manual técnico sobre el aprovechamiento y valorización de residuos proteicos de origen animal e industrial. Incluye métodos de conversión, recuperación, aplicaciones agrícolas, farmacéuticas y biotecnológicas. Dirigido a profesionales de industrias alimentarias, químicas y medioambientales. |
| 650 14 - PUNTO DE ACCESO ADICIONAL DE MATERIA--TÉRMINO DE MATERIA |
| Término de materia o nombre geográfico como elemento de entrada |
Proteínas |
| Subdivisión general |
Aplicaciones industriales. |
| 9 (RLIN) |
6907 |
| 650 24 - PUNTO DE ACCESO ADICIONAL DE MATERIA--TÉRMINO DE MATERIA |
| Término de materia o nombre geográfico como elemento de entrada |
Desechos industriales |
| Subdivisión general |
Aprovechamiento. |
| 9 (RLIN) |
6908 |
| 650 #0 - PUNTO DE ACCESO ADICIONAL DE MATERIA--TÉRMINO DE MATERIA |
| Término de materia o nombre geográfico como elemento de entrada |
Tecnología química |
| Subdivisión general |
Procesos bioquímicos. |
| 9 (RLIN) |
6909 |
| 650 #0 - PUNTO DE ACCESO ADICIONAL DE MATERIA--TÉRMINO DE MATERIA |
| Término de materia o nombre geográfico como elemento de entrada |
Biotecnología industrial. |
| 9 (RLIN) |
6910 |
| 856 40 - LOCALIZACIÓN Y ACCESO ELECTRÓNICOS |
| Identificador Uniforme de Recursos |
<a href="https://www.amvediciones.com/producto/conversion-tecnica-proteinas">https://www.amvediciones.com/producto/conversion-tecnica-proteinas</a> |
| Nota pública |
Ficha editorial en línea. |
| 942 ## - ELEMENTOS DE ENTRADA SECUNDARIOS (KOHA) |
| Fuente del sistema de clasificación o colocación |
Clasificación Decimal Dewey |
| Tipo de ítem Koha |
Libros físicos |
| 980 ## - EQUIVALENCIA O REFERENCIA-CRUZADA-MENCIÓN DE SERIE--NOMBRE DE PERSONA/TÍTULO [LOCAL, CANADÁ] |
| ID del usuario creador del registro |
21515 |
| Nombre del creador del registro |
ROMINA COBOS Adquisiciones |
| ID del último usuario que modificó el registro |
18226 |
| Nombre del último usuario que modificó el registro |
Jaime Vilcazán Jefe de Análisis Documental |